[Event "Ruhrgebiet Verbandsklasse Gruppe 2 1617"]
[Site "Germany"]
[Date "2016.09.04"]
[Round "1.8"]
[White "Volling, Andreas"]
[Black "Schnettler, Guenther"]
[Result "1/2-1/2"]
[WhiteElo "1812"]
[BlackElo "1366"]
[PlyCount "94"]
[EventDate "2016.09.04"]
[EventType "team-tourn"]
[EventRounds "9"]
[EventCountry "GER"]
[SourceTitle "EXT 2022"]
[Source "ChessBase"]
[SourceDate "2021.10.06"]
[SourceVersion "1"]
[SourceVersionDate "2021.10.06"]
[SourceQuality "1"]
[WhiteTeam "Boenen SV"]
[BlackTeam "Osterfeld Schwarze Dame"]
[WhiteTeamCountry "GER"]
[BlackTeamCountry "GER"]

1. d4 Nf6 2. c4 e6 3. Nf3 b6 4. Nc3 d5 5. Bg5 Bb7 6. e3 Be7 7. Rc1 0-0 8. Bd3 h6 9. Bxf6 Bxf6 10. cxd5 exd5 11. 0-0 Nd7 12. b4 Rc8 13. Nb5 a6 14. Na7 Ra8 15. Nc6 Bxc6 16. Rxc6 b5 17. a4 Nb6 18. axb5 axb5 19. Bxb5 Be7 20. Qb3 Rb8 21. Ne5 Nd7 22. Qxd5 Nxe5 23. Qxe5 Bxb4 24. Bd3 Bd6 25. Qf5 g6 26. Qh3 Kg7 27. Rd1 Qf6 28. Rc4 Rb2 29. Qf3 Qxf3 30. gxf3 Ra8 31. Rc2 Rxc2 32. Bxc2 Ra5 33. f4 g5 34. f5 c5 35. dxc5 Bxc5 36. Rd5 Bb4 37. Rxa5 Bxa5 38. Kg2 Bc7 39. h3 h5 40. Kf3 f6 41. Bb3 Kf8 42. Ke4 h4 43. Kf3 Ke7 44. Kg4 Bh2 45. Kh5 Bg1 46. f4 Bxe3 47. fxg5 Bxg5 1/2-1/2

[Event "Ruhrgebiet Verbandsklasse Gruppe 1 1516"]
[Site "Germany"]
[Date "2015.09.27"]
[Round "2.8"]
[White "Orth, Reinhard"]
[Black "Schnettler, Guenther"]
[Result "1-0"]
[WhiteElo "1695"]
[BlackElo "1349"]
[PlyCount "67"]
[EventDate "2015.09.06"]
[EventType "team-tourn"]
[EventRounds "9"]
[EventCountry "GER"]
[SourceTitle "EXT 2022"]
[Source "ChessBase"]
[SourceDate "2021.10.06"]
[SourceVersion "1"]
[SourceVersionDate "2021.10.06"]
[SourceQuality "1"]
[WhiteTeam "Essen Listiger Bauer"]
[BlackTeam "Osterfeld Schwarze Dame"]
[WhiteTeamCountry "GER"]
[BlackTeamCountry "GER"]

1. d4 Nf6 2. c4 d6 3. Nc3 Bf5 4. Nf3 e6 5. Bg5 Be7 6. Rc1 0-0 7. Nh4 h6 8. Nxf5 exf5 9. Bd2 Nc6 10. e3 Ne4 11. Bd3 Nxc3 12. Bxc3 Qd7 13. 0-0 Bf6 14. Bb1 Ne7 15. Qc2 c5 16. dxc5 Bxc3 17. cxd6 Bxb2 18. dxe7 Bxc1 19. exf8Q+ Rxf8 20. Rxc1 g6 21. a4 a6 22. Ba2 Rc8 23. c5 b5 24. c6 Qd6 25. axb5 axb5 26. Qb3 Rc7 27. Qxb5 Kg7 28. Bd5 f4 29. e4 f3 30. Rd1 Qe5 31. Qd3 fxg2 32. Qd4 f6 33. Qxe5 fxe5 34. Rb1 1-0